Cricket Statistics - ODI Batsmen - Statistics

General Stats
  • This quiz has been taken 1,386 times
    1,385 since last reset
  • The average score is 5 of 10
Answer Stats
Hint Answer % Correct
2) RSA A.B de Villiers
82%
3) IND V. Kohli
81%
1) RSA H.M Amla
80%
4) IND M.S Dhoni
70%
7) ENG A.N Cook
63%
8) AUS M.J Clarke
54%
5) SL K.C Sangakarra
35%
9) AUS S.R Watson
35%
6) ENG I.J.L Trott
32%
10) PKN U. Akmal
18%
No matching quizzes found
Score Distribution
Percent of People with Each Score
Percentile by Number Answered
Your Score History
You have not taken this quiz since the last reset